[Event "DVM U14 2024"]
[Site "Heidelberg GER"]
[Date "2024.12.30"]
[Round "7"]
[White "Kalinski, Jan"]
[Black "Hempel, Lorenz"]
[Result "0-1"]
[Termination "normal"]
[Board "10.1"]
[WhiteElo "1700"]
[BlackElo "1960"]
[WhiteClock "00:10:26"]
[BlackClock "00:17:23"]
[WhiteTeam "SC Viernheim 1934"]
[BlackTeam "SC Einheit Bautzen"]
[PlyCount "100"]
[WhiteFideId "34660615"]
[BlackFideId "34627413"]
[EventCountry "GER"]
[EventRounds "7"]
[EventType "team-swiss"]
[EventDate "2024.12.26"]

1. c4 {[%clk 01:30:59]} {[%emt 00:00:01]} Nf6 {[%clk 01:30:55]} {[%emt
00:00:05]} 2. g3 {[%clk 01:31:23]} {[%emt 00:00:06]} c5 {[%clk 01:31:21]}
{[%emt 00:00:04]} 3. Bg2 {[%clk 01:31:41]} {[%emt 00:00:12]} d5 {[%clk
01:31:41]} {[%emt 00:00:09]} 4. Nf3 {[%clk 01:23:40]} {[%emt 00:08:31]} Nc6
{[%clk 01:30:20]} {[%emt 00:01:52]} 5. O-O {[%clk 01:23:32]} {[%emt 00:00:37]}
e5 {[%clk 01:29:42]} {[%emt 00:01:08]} 6. cxd5 {[%clk 01:05:23]} {[%emt
00:18:38]} Nxd5 {[%clk 01:30:01]} {[%emt 00:00:12]} 7. d3 {[%clk 01:05:18]}
{[%emt 00:00:35]} Be7 {[%clk 01:29:24]} {[%emt 00:01:07]} 8. Nbd2 {[%clk
01:04:03]} {[%emt 00:01:46]} Be6 {[%clk 01:28:15]} {[%emt 00:01:39]} 9. Nc4
{[%clk 00:58:15]} {[%emt 00:06:18]} f6 {[%clk 01:26:06]} {[%emt 00:02:38]} 10.
Bd2 {[%clk 00:58:31]} {[%emt 00:00:14]} O-O {[%clk 01:25:36]} {[%emt 00:01:00]}
11. a3 {[%clk 00:57:26]} {[%emt 00:01:34]} Qd7 {[%clk 01:16:47]} {[%emt
00:09:19]} 12. Re1 {[%clk 00:57:25]} {[%emt 00:00:31]} b6 {[%clk 01:14:31]}
{[%emt 00:02:46]} 13. Rc1 {[%clk 00:52:29]} {[%emt 00:05:26]} Rfc8 {[%clk
01:13:39]} {[%emt 00:01:22]} 14. Ne3 {[%clk 00:45:40]} {[%emt 00:07:20]} Nc7
{[%clk 01:08:07]} {[%emt 00:06:01]} 15. Bc3 {[%clk 00:41:41]} {[%emt 00:04:30]}
Rab8 {[%clk 01:07:27]} {[%emt 00:01:10]} 16. Nh4 {[%clk 00:35:34]} {[%emt
00:06:36]} Nb5 {[%clk 00:59:51]} {[%emt 00:08:06]} 17. Nc2 {[%clk 00:18:46]}
{[%emt 00:17:18]} a5 {[%clk 00:50:55]} {[%emt 00:09:26]} 18. a4 {[%clk
00:15:05]} {[%emt 00:04:11]} Nxc3 {[%clk 00:48:54]} {[%emt 00:02:31]} 19. bxc3
{[%clk 00:15:28]} {[%emt 00:00:07]} Bb3 {[%clk 00:48:28]} {[%emt 00:00:56]} 20.
Ra1 {[%clk 00:15:04]} {[%emt 00:00:54]} Nb4 {[%clk 00:43:01]} {[%emt 00:05:57]}
21. cxb4 {[%clk 00:14:47]} {[%emt 00:00:42]} cxb4 {[%clk 00:42:06]} {[%emt
00:01:31]} 22. Rc1 {[%clk 00:14:09]} {[%emt 00:01:08]} Qxa4 {[%clk 00:42:04]}
{[%emt 00:00:31]} 23. Nf5 {[%clk 00:14:30]} {[%emt 00:00:09]} Bf8 {[%clk
00:39:03]} {[%emt 00:03:31]} 24. Nfe3 {[%clk 00:14:47]} {[%emt 00:00:14]} Rc5
{[%clk 00:33:47]} {[%emt 00:05:46]} 25. Qd2 {[%clk 00:12:52]} {[%emt 00:02:26]}
Rbc8 {[%clk 00:24:21]} {[%emt 00:09:55]} 26. Na1 {[%clk 00:12:00]} {[%emt
00:01:22]} Rxc1 {[%clk 00:24:03]} {[%emt 00:00:49]} 27. Rxc1 {[%clk 00:12:24]}
{[%emt 00:00:06]} Rxc1+ {[%clk 00:24:31]} {[%emt 00:00:02]} 28. Qxc1 {[%clk
00:12:42]} {[%emt 00:00:10]} Bf7 {[%clk 00:24:35]} {[%emt 00:00:26]} 29. Bc6
{[%clk 00:12:22]} {[%emt 00:00:50]} Qa2 {[%clk 00:20:54]} {[%emt 00:04:12]} 30.
Nc4 {[%clk 00:10:54]} {[%emt 00:01:58]} b3 {[%clk 00:19:58]} {[%emt 00:01:26]}
31. Qb2 {[%clk 00:10:34]} {[%emt 00:00:49]} Qxb2 {[%clk 00:17:42]} {[%emt
00:02:47]} 32. Nxb2 {[%clk 00:10:58]} {[%emt 00:00:06]} Ba3 {[%clk 00:18:07]}
{[%emt 00:00:04]} 33. Nxb3 {[%clk 00:08:15]} {[%emt 00:03:13]} Bxb2 {[%clk
00:18:15]} {[%emt 00:00:23]} 34. Nd2 {[%clk 00:08:38]} {[%emt 00:00:07]} Kf8
{[%clk 00:17:42]} {[%emt 00:01:02]} 35. Kf1 {[%clk 00:07:22]} {[%emt 00:01:46]}
Be8 {[%clk 00:16:29]} {[%emt 00:01:43]} 36. Bd5 {[%clk 00:07:29]} {[%emt
00:00:23]} b5 {[%clk 00:16:16]} {[%emt 00:00:43]} 37. Ke1 {[%clk 00:07:40]}
{[%emt 00:00:19]} Bc3 {[%clk 00:14:42]} {[%emt 00:02:04]} 38. Kd1 {[%clk
00:08:04]} {[%emt 00:00:06]} Bxd2 {[%clk 00:15:05]} {[%emt 00:00:07]} 39. Kxd2
{[%clk 00:08:28]} {[%emt 00:00:06]} Ke7 {[%clk 00:15:32]} {[%emt 00:00:04]} 40.
Be4 {[%clk 00:08:39]} {[%emt 00:00:19]} h6 {[%clk 00:15:37]} {[%emt 00:00:25]}
41. Kc3 {[%clk 00:08:54]} {[%emt 00:00:14]} Kd6 {[%clk 00:15:57]} {[%emt
00:00:11]} 42. d4 {[%clk 00:08:56]} {[%emt 00:00:29]} b4+ {[%clk 00:15:57]}
{[%emt 00:00:29]} 43. Kd3 {[%clk 00:09:19]} {[%emt 00:00:05]} Bb5+ {[%clk
00:16:19]} {[%emt 00:00:10]} 44. Ke3 {[%clk 00:09:40]} {[%emt 00:00:08]} exd4+
{[%clk 00:16:44]} {[%emt 00:00:05]} 45. Kxd4 {[%clk 00:10:01]} {[%emt
00:00:09]} Bxe2 {[%clk 00:17:10]} {[%emt 00:00:04]} 46. Bc2 {[%clk 00:10:12]}
{[%emt 00:00:19]} Bb5 {[%clk 00:17:14]} {[%emt 00:00:26]} 47. Ke3 {[%clk
00:09:33]} {[%emt 00:01:09]} a4 {[%clk 00:16:46]} {[%emt 00:00:58]} 48. Kd2
{[%clk 00:09:59]} {[%emt 00:00:04]} Kc5 {[%clk 00:16:54]} {[%emt 00:00:23]} 49.
f4 {[%clk 00:10:10]} {[%emt 00:00:18]} a3 {[%clk 00:17:03]} {[%emt 00:00:21]}
50. Kc1 {[%clk 00:10:26]} {[%emt 00:00:14]} Kd4 {[%clk 00:17:23]} {[%emt
00:00:10]} 0-1

[Event "DVM U14 2024"]
[Site "Heidelberg GER"]
[Date "2024.12.30"]
[Round "7"]
[White "Zabashtanskyi, Andrii"]
[Black "Zhu, Timo Kaiheng"]
[Result "1/2-1/2"]
[Termination "normal"]
[Board "10.2"]
[WhiteElo "1644"]
[BlackElo "1615"]
[WhiteClock "00:48:03"]
[BlackClock "00:39:54"]
[WhiteTeam "SC Einheit Bautzen"]
[BlackTeam "SC Viernheim 1934"]
[PlyCount "70"]
[WhiteFideId "34651888"]
[BlackFideId "34655670"]
[EventCountry "GER"]
[EventRounds "7"]
[EventType "team-swiss"]
[EventDate "2024.12.26"]

1. d4 {[%clk 01:30:57]} {[%emt 00:00:02]} d5 {[%clk 01:30:54]} {[%emt
00:00:06]} 2. c4 {[%clk 01:31:23]} {[%emt 00:00:05]} c6 {[%clk 01:31:20]}
{[%emt 00:00:04]} 3. Nc3 {[%clk 01:31:48]} {[%emt 00:00:05]} Nf6 {[%clk
01:31:45]} {[%emt 00:00:05]} 4. Bg5 {[%clk 01:32:00]} {[%emt 00:00:16]} h6
{[%clk 01:29:52]} {[%emt 00:02:26]} 5. Bxf6 {[%clk 01:32:20]} {[%emt 00:00:09]}
exf6 {[%clk 01:30:11]} {[%emt 00:00:11]} 6. e3 {[%clk 01:32:40]} {[%emt
00:00:10]} Bb4 {[%clk 01:28:02]} {[%emt 00:02:39]} 7. cxd5 {[%clk 01:32:44]}
{[%emt 00:00:26]} cxd5 {[%clk 01:26:56]} {[%emt 00:01:37]} 8. Bd3 {[%clk
01:32:22]} {[%emt 00:00:50]} O-O {[%clk 01:26:31]} {[%emt 00:00:55]} 9. Nf3
{[%clk 01:32:33]} {[%emt 00:00:19]} Nc6 {[%clk 01:26:02]} {[%emt 00:01:00]} 10.
O-O {[%clk 01:32:50]} {[%emt 00:00:13]} Bg4 {[%clk 01:25:45]} {[%emt 00:00:46]}
11. Qb3 {[%clk 01:28:26]} {[%emt 00:04:55]} Bxc3 {[%clk 01:24:19]} {[%emt
00:01:57]} 12. Qxc3 {[%clk 01:28:31]} {[%emt 00:00:24]} Qb6 {[%clk 01:22:54]}
{[%emt 00:01:55]} 13. h3 {[%clk 01:26:41]} {[%emt 00:02:22]} Be6 {[%clk
01:21:51]} {[%emt 00:01:32]} 14. a3 {[%clk 01:23:52]} {[%emt 00:03:18]} a5
{[%clk 01:21:54]} {[%emt 00:00:28]} 15. Rac1 {[%clk 01:18:29]} {[%emt
00:05:53]} Rfc8 {[%clk 01:21:12]} {[%emt 00:01:12]} 16. Qd2 {[%clk 01:17:58]}
{[%emt 00:00:58]} Rc7 {[%clk 01:20:24]} {[%emt 00:01:22]} 17. Nh2 {[%clk
01:15:09]} {[%emt 00:03:17]} Rac8 {[%clk 01:19:00]} {[%emt 00:01:56]} 18. f4
{[%clk 01:14:30]} {[%emt 00:01:07]} f5 {[%clk 01:18:42]} {[%emt 00:00:50]} 19.
g4 {[%clk 01:14:25]} {[%emt 00:00:35]} Ne7 {[%clk 01:18:30]} {[%emt 00:00:42]}
20. Kg2 {[%clk 01:11:47]} {[%emt 00:03:04]} Rxc1 {[%clk 01:13:23]} {[%emt
00:05:41]} 21. Rxc1 {[%clk 01:11:58]} {[%emt 00:00:19]} Rxc1 {[%clk 01:13:12]}
{[%emt 00:00:42]} 22. Qxc1 {[%clk 01:12:16]} {[%emt 00:00:12]} fxg4 {[%clk
01:11:10]} {[%emt 00:02:33]} 23. hxg4 {[%clk 01:12:34]} {[%emt 00:00:11]} Qc6
{[%clk 01:09:11]} {[%emt 00:02:29]} 24. Qd2 {[%clk 01:12:33]} {[%emt 00:00:29]}
Qc7 {[%clk 01:08:23]} {[%emt 00:01:20]} 25. Kg3 {[%clk 01:11:54]} {[%emt
00:01:03]} Bd7 {[%clk 01:03:58]} {[%emt 00:05:01]} 26. Nf3 {[%clk 01:10:39]}
{[%emt 00:01:43]} f6 {[%clk 01:02:23]} {[%emt 00:02:06]} 27. e4 {[%clk
01:10:14]} {[%emt 00:00:54]} dxe4 {[%clk 01:02:09]} {[%emt 00:00:46]} 28. Bxe4
{[%clk 01:10:31]} {[%emt 00:00:13]} f5 {[%clk 01:00:59]} {[%emt 00:01:40]} 29.
gxf5 {[%clk 01:10:46]} {[%emt 00:00:15]} Bxf5 {[%clk 01:01:17]} {[%emt
00:00:11]} 30. Qd3 {[%clk 01:10:29]} {[%emt 00:00:43]} Bxe4 {[%clk 00:58:06]}
{[%emt 00:03:45]} 31. Qxe4 {[%clk 01:10:44]} {[%emt 00:00:13]} Qd7 {[%clk
00:50:15]} {[%emt 00:08:22]} 32. Qe5 {[%clk 01:00:56]} {[%emt 00:10:14]} a4
{[%clk 00:45:52]} {[%emt 00:04:58]} 33. Kf2 {[%clk 00:54:18]} {[%emt 00:07:05]}
Nd5 {[%clk 00:41:39]} {[%emt 00:04:45]} 34. Nh4 {[%clk 00:53:14]} {[%emt
00:01:30]} Nf6 {[%clk 00:39:54]} {[%emt 00:02:19]} 35. Ke1 {[%clk 00:48:03]}
{[%emt 00:05:39]} Qc6 {[%emt 00:12:51]} 1/2-1/2

[Event "DVM U14 2024"]
[Site "Heidelberg GER"]
[Date "2024.12.30"]
[Round "7"]
[White "Yang, Sophie"]
[Black "Laube, Karl"]
[Result "1/2-1/2"]
[Termination "normal"]
[Board "10.3"]
[WhiteElo "1547"]
[BlackElo "1635"]
[WhiteClock "00:36:51"]
[BlackClock "00:58:21"]
[WhiteTeam "SC Viernheim 1934"]
[BlackTeam "SC Einheit Bautzen"]
[PlyCount "104"]
[WhiteFideId "16279174"]
[BlackFideId "34689621"]
[EventCountry "GER"]
[EventRounds "7"]
[EventType "team-swiss"]
[EventDate "2024.12.26"]

1. d4 {[%clk 01:30:58]} {[%emt 00:00:03]} e6 {[%emt 00:00:13]} 2. c4 {[%clk
01:31:21]} d5 {[%clk 01:31:47]} {[%emt 00:00:07]} 3. Nc3 {[%clk 01:31:40]}
{[%emt 00:00:11]} Nf6 {[%clk 01:32:12]} {[%emt 00:00:04]} 4. cxd5 {[%clk
01:32:02]} {[%emt 00:00:08]} exd5 {[%clk 01:32:37]} {[%emt 00:00:06]} 5. Bg5
{[%clk 01:32:18]} {[%emt 00:00:14]} Nbd7 {[%clk 01:32:54]} {[%emt 00:00:13]} 6.
e3 {[%clk 01:32:27]} {[%emt 00:00:21]} c6 {[%clk 01:33:11]} {[%emt 00:00:13]}
7. Bd3 {[%clk 01:32:45]} {[%emt 00:00:11]} h6 {[%clk 01:33:30]} {[%emt
00:00:12]} 8. Bh4 {[%clk 01:32:55]} {[%emt 00:00:20]} Be7 {[%clk 01:33:21]}
{[%emt 00:00:39]} 9. Nf3 {[%clk 01:33:12]} {[%emt 00:00:12]} O-O {[%clk
01:33:40]} {[%emt 00:00:12]} 10. Qc2 {[%clk 01:32:41]} {[%emt 00:01:00]} Re8
{[%clk 01:33:52]} {[%emt 00:00:19]} 11. O-O {[%clk 01:32:10]} {[%emt 00:01:00]}
Ne4 {[%clk 01:27:47]} {[%emt 00:06:34]} 12. Bxe7 {[%clk 01:32:32]} {[%emt
00:00:09]} Qxe7 {[%clk 01:28:11]} {[%emt 00:00:06]} 13. a3 {[%clk 01:30:33]}
{[%emt 00:02:29]} a5 {[%clk 01:27:37]} {[%emt 00:01:04]} 14. Rab1 {[%clk
01:30:31]} {[%emt 00:00:30]} Ndf6 {[%clk 01:25:36]} {[%emt 00:02:33]} 15. b4
{[%clk 01:21:44]} {[%emt 00:09:18]} axb4 {[%clk 01:25:35]} {[%emt 00:00:31]}
16. axb4 {[%clk 01:21:59]} {[%emt 00:00:14]} Bd7 {[%clk 01:23:08]} {[%emt
00:02:55]} 17. Ne5 {[%clk 01:18:23]} {[%emt 00:04:08]} Nxc3 {[%clk 01:19:20]}
{[%emt 00:04:18]} 18. Qxc3 {[%clk 01:17:02]} {[%emt 00:01:51]} Ng4 {[%clk
01:18:27]} {[%emt 00:01:22]} 19. Nxd7 {[%clk 01:14:08]} {[%emt 00:03:24]} Qxd7
{[%clk 01:18:39]} {[%emt 00:00:19]} 20. h3 {[%clk 01:14:24]} {[%emt 00:00:14]}
Nf6 {[%clk 01:18:51]} {[%emt 00:00:19]} 21. b5 {[%clk 01:13:24]} {[%emt
00:01:30]} Rec8 {[%clk 01:16:35]} {[%emt 00:02:44]} 22. bxc6 {[%clk 01:12:48]}
{[%emt 00:01:08]} bxc6 {[%clk 01:16:48]} {[%emt 00:00:17]} 23. Qc2 {[%clk
01:11:43]} {[%emt 00:01:34]} Qe7 {[%clk 01:15:25]} {[%emt 00:01:53]} 24. Bf5
{[%clk 01:11:39]} {[%emt 00:00:33]} Rc7 {[%clk 01:15:15]} {[%emt 00:00:36]} 25.
Rb6 {[%clk 01:11:10]} {[%emt 00:01:02]} g6 {[%clk 01:15:20]} {[%emt 00:00:28]}
26. Bd3 {[%clk 01:11:28]} {[%emt 00:00:11]} Qe6 {[%clk 01:14:20]} {[%emt
00:01:29]} 27. Rc1 {[%clk 01:10:02]} {[%emt 00:01:51]} Rac8 {[%clk 01:14:07]}
{[%emt 00:00:49]} 28. Ba6 {[%clk 01:08:28]} {[%emt 00:02:05]} Rd8 {[%clk
01:12:35]} {[%emt 00:02:02]} 29. Rxc6 {[%clk 01:04:56]} {[%emt 00:04:02]} Rxc6
{[%clk 01:12:25]} {[%emt 00:00:39]} 30. Qxc6 {[%clk 01:05:16]} {[%emt
00:00:11]} Rd6 {[%clk 01:12:32]} {[%emt 00:00:23]} 31. Qc8+ {[%clk 01:05:31]}
{[%emt 00:00:15]} Kg7 {[%clk 01:11:45]} {[%emt 00:01:14]} 32. Bb7 {[%clk
01:01:54]} {[%emt 00:04:10]} Rb6 {[%clk 01:07:26]} {[%emt 00:04:45]} 33. Qxe6
{[%clk 00:54:43]} {[%emt 00:07:44]} Rxe6 {[%clk 01:03:55]} {[%emt 00:04:02]}
34. Rc5 {[%clk 00:53:05]} {[%emt 00:02:08]} Rd6 {[%clk 01:03:06]} {[%emt
00:01:19]} 35. f3 {[%clk 00:50:41]} {[%emt 00:02:53]} g5 {[%clk 01:01:37]}
{[%emt 00:01:58]} 36. Rc6 {[%clk 00:48:57]} {[%emt 00:02:13]} Rd7 {[%clk
01:01:08]} {[%emt 00:01:01]} 37. Bc8 {[%clk 00:48:23]} {[%emt 00:01:04]} Rd8
{[%clk 01:01:32]} {[%emt 00:00:07]} 38. Bf5 {[%clk 00:47:56]} {[%emt 00:00:56]}
Ne8 {[%clk 01:00:20]} {[%emt 00:01:41]} 39. Rc8 {[%clk 00:46:52]} {[%emt
00:01:35]} Rxc8 {[%clk 01:00:01]} {[%emt 00:00:49]} 40. Bxc8 {[%clk 00:47:16]}
{[%emt 00:00:06]} Nf6 {[%clk 01:00:27]} {[%emt 00:00:04]} 41. Bf5 {[%clk
00:47:32]} {[%emt 00:00:13]} Kf8 {[%clk 01:00:44]} {[%emt 00:00:13]} 42. Kf2
{[%clk 00:46:19]} {[%emt 00:01:43]} Ke7 {[%clk 01:00:26]} {[%emt 00:00:49]} 43.
e4 {[%clk 00:45:43]} {[%emt 00:01:05]} dxe4 {[%clk 01:00:19]} {[%emt 00:00:38]}
44. fxe4 {[%clk 00:46:03]} {[%emt 00:00:10]} Ne8 {[%clk 01:00:18]} {[%emt
00:00:31]} 45. g4 {[%clk 00:45:20]} {[%emt 00:01:13]} f6 {[%clk 01:00:23]}
{[%emt 00:00:25]} 46. Ke3 {[%clk 00:45:22]} {[%emt 00:00:28]} Kd6 {[%clk
01:00:47]} {[%emt 00:00:05]} 47. Kd3 {[%clk 00:45:11]} {[%emt 00:00:41]} Ng7
{[%clk 01:00:31]} {[%emt 00:00:46]} 48. Kc4 {[%clk 00:44:00]} {[%emt 00:01:41]}
h5 {[%clk 00:59:02]} {[%emt 00:02:00]} 49. Bg6 {[%clk 00:43:40]} {[%emt
00:00:49]} hxg4 {[%clk 00:58:10]} {[%emt 00:01:23]} 50. hxg4 {[%clk 00:44:01]}
{[%emt 00:00:09]} Ne6 {[%clk 00:58:31]} {[%emt 00:00:08]} 51. Bf5 {[%clk
00:43:51]} {[%emt 00:00:40]} Nf4 {[%clk 00:58:37]} {[%emt 00:00:23]} 52. Kb5
{[%clk 00:36:51]} {[%emt 00:07:30]} Ne2 {[%clk 00:58:21]} {[%emt 00:00:47]}
1/2-1/2

[Event "DVM U14 2024"]
[Site "Heidelberg GER"]
[Date "2024.12.30"]
[Round "7"]
[White "Petzold, Gustav"]
[Black "Popitz, Paul"]
[Result "0-1"]
[Termination "normal"]
[Board "10.4"]
[WhiteElo "935"]
[BlackElo "1449"]
[WhiteClock "01:01:00"]
[BlackClock "00:19:46"]
[WhiteTeam "SC Einheit Bautzen"]
[BlackTeam "SC Viernheim 1934"]
[PlyCount "96"]
[WhiteFideId "533006059"]
[BlackFideId "34695206"]
[EventCountry "GER"]
[EventRounds "7"]
[EventType "team-swiss"]
[EventDate "2024.12.26"]

1. e4 {[%clk 01:30:59]} c5 {[%clk 01:30:49]} {[%emt 00:00:11]} 2. Nf3 {[%clk
01:31:20]} {[%emt 00:00:09]} d6 {[%clk 01:31:13]} {[%emt 00:00:05]} 3. Bc4
{[%clk 01:31:23]} {[%emt 00:00:29]} e6 {[%clk 01:31:08]} {[%emt 00:00:34]} 4.
Nc3 {[%clk 01:31:28]} {[%emt 00:00:25]} Nf6 {[%clk 01:31:27]} {[%emt 00:00:11]}
5. e5 {[%clk 01:23:39]} {[%emt 00:08:20]} dxe5 {[%clk 01:29:50]} {[%emt
00:02:06]} 6. Nxe5 {[%clk 01:23:55]} {[%emt 00:00:15]} Bd6 {[%clk 01:29:18]}
{[%emt 00:01:00]} 7. Nf3 {[%clk 01:24:04]} {[%emt 00:00:22]} Nc6 {[%clk
01:28:50]} {[%emt 00:00:58]} 8. d3 {[%clk 01:23:45]} {[%emt 00:00:50]} a6
{[%clk 01:24:04]} {[%emt 00:05:17]} 9. a4 {[%clk 01:23:36]} {[%emt 00:00:39]}
b6 {[%clk 01:21:29]} {[%emt 00:03:05]} 10. Be3 {[%clk 01:23:26]} {[%emt
00:00:40]} Bb7 {[%clk 01:21:38]} {[%emt 00:00:21]} 11. d4 {[%clk 01:22:40]}
{[%emt 00:01:16]} cxd4 {[%clk 01:20:33]} {[%emt 00:01:35]} 12. Nxd4 {[%clk
01:22:41]} {[%emt 00:00:29]} Nxd4 {[%clk 01:14:18]} {[%emt 00:06:46]} 13. Qxd4
{[%clk 01:20:06]} {[%emt 00:03:05]} Bb4 {[%clk 01:08:52]} {[%emt 00:05:56]} 14.
Qxb6 {[%clk 01:16:44]} {[%emt 00:03:52]} Qxb6 {[%clk 01:09:09]} {[%emt
00:00:11]} 15. Bxb6 {[%clk 01:17:03]} {[%emt 00:00:12]} Rc8 {[%clk 01:09:21]}
{[%emt 00:00:18]} 16. O-O-O {[%clk 01:15:59]} {[%emt 00:01:34]} O-O {[%clk
01:06:47]} {[%emt 00:03:03]} 17. Rd4 {[%clk 01:15:37]} {[%emt 00:00:52]} Rc6
{[%clk 00:59:59]} {[%emt 00:07:17]} 18. a5 {[%clk 01:14:08]} {[%emt 00:02:00]}
Bxc3 {[%clk 00:55:26]} {[%emt 00:05:03]} 19. bxc3 {[%clk 01:14:10]} {[%emt
00:00:28]} Rfc8 {[%clk 00:55:36]} {[%emt 00:00:20]} 20. Rhd1 {[%clk 01:14:09]}
{[%emt 00:00:32]} Kf8 {[%clk 00:46:35]} {[%emt 00:09:31]} 21. Bb3 {[%clk
01:10:36]} {[%emt 00:04:02]} Rxc3 {[%clk 00:44:13]} {[%emt 00:02:52]} 22. R1d3
{[%clk 01:09:41]} {[%emt 00:01:25]} Rxd3 {[%clk 00:43:29]} {[%emt 00:01:14]}
23. Rxd3 {[%clk 01:09:51]} {[%emt 00:00:20]} Bxg2 {[%clk 00:42:43]} {[%emt
00:01:15]} 24. Rd8+ {[%clk 01:08:38]} {[%emt 00:01:44]} Rxd8 {[%clk 00:42:13]}
{[%emt 00:01:01]} 25. Bxd8 {[%clk 01:05:06]} {[%emt 00:04:01]} Ng4 {[%clk
00:42:09]} {[%emt 00:00:34]} 26. Bc4 {[%clk 01:05:06]} {[%emt 00:00:31]} Bb7
{[%clk 00:42:04]} {[%emt 00:00:34]} 27. Kb2 {[%clk 01:04:51]} {[%emt 00:00:46]}
Nxf2 {[%clk 00:40:46]} {[%emt 00:01:48]} 28. Kb3 {[%clk 01:05:04]} {[%emt
00:00:16]} e5 {[%clk 00:39:29]} {[%emt 00:01:46]} 29. Bh4 {[%clk 01:04:57]}
{[%emt 00:00:39]} Ne4 {[%clk 00:38:12]} {[%emt 00:01:45]} 30. Kb4 {[%clk
01:05:06]} {[%emt 00:00:23]} g5 {[%clk 00:36:29]} {[%emt 00:02:11]} 31. Be1
{[%clk 01:05:02]} {[%emt 00:00:36]} Ke7 {[%clk 00:31:51]} {[%emt 00:05:07]} 32.
c3 {[%clk 01:02:28]} {[%emt 00:03:04]} f5 {[%clk 00:30:53]} {[%emt 00:01:26]}
33. Bg8 {[%clk 01:02:26]} {[%emt 00:00:35]} h5 {[%clk 00:30:01]} {[%emt
00:01:21]} 34. Bh7 {[%clk 01:02:32]} {[%emt 00:00:25]} f4 {[%clk 00:28:56]}
{[%emt 00:01:34]} 35. Bxe4 {[%clk 01:02:52]} {[%emt 00:00:10]} Bxe4 {[%clk
00:29:18]} {[%emt 00:00:08]} 36. Kc5 {[%clk 01:03:16]} {[%emt 00:00:07]} Bd3
{[%clk 00:28:16]} {[%emt 00:01:32]} 37. Kd5 {[%clk 01:02:39]} {[%emt 00:01:07]}
e4 {[%clk 00:27:08]} {[%emt 00:01:38]} 38. c4 {[%clk 01:02:17]} {[%emt
00:00:53]} f3 {[%clk 00:26:12]} {[%emt 00:01:25]} 39. Kd4 {[%clk 01:02:09]}
{[%emt 00:00:39]} Kd7 {[%clk 00:25:56]} {[%emt 00:00:45]} 40. c5 {[%clk
01:01:52]} {[%emt 00:00:47]} Kc6 {[%clk 00:25:22]} {[%emt 00:01:03]} 41. Bf2
{[%clk 01:00:59]} {[%emt 00:01:24]} Kb5 {[%clk 00:21:59]} {[%emt 00:03:53]} 42.
Be1 {[%clk 01:01:17]} {[%emt 00:00:12]} g4 {[%clk 00:21:18]} {[%emt 00:01:11]}
43. c6 {[%clk 01:00:45]} {[%emt 00:01:03]} Kxc6 {[%clk 00:21:28]} {[%emt
00:00:19]} 44. Ke3 {[%clk 01:01:07]} {[%emt 00:00:08]} Kd5 {[%clk 00:21:00]}
{[%emt 00:00:58]} 45. Bg3 {[%clk 01:01:13]} {[%emt 00:00:24]} Kc4 {[%clk
00:19:56]} {[%emt 00:01:35]} 46. Be1 {[%clk 01:01:19]} {[%emt 00:00:24]} Kb5
{[%clk 00:19:56]} {[%emt 00:00:30]} 47. Bd2 {[%clk 01:01:26]} {[%emt 00:00:23]}
h4 {[%clk 00:19:46]} {[%emt 00:00:40]} 48. Kf4 {[%clk 01:01:00]} {[%emt
00:00:56]} f2 {[%emt 00:00:33]} 0-1